Normal view
MARC view
- Construction Research Congress
Entry Meeting Name
001 - CONTROL NUMBER
- control field: 1157
003 - CONTROL NUMBER IDENTIFIER
- control field: NUST
005 - DATE AND TIME OF LATEST TRANSACTION
- control field: 20170518164537.0
008 - FIXED-LENGTH DATA ELEMENTS
- fixed length control field: 170518|| aca||aabn | a|a d
040 ## - CATALOGING SOURCE
- Original cataloging agency: NUST
- Transcribing agency: NUST
111 ## - HEADING--MEETING NAME
- Meeting name or jurisdiction name as entry element: Construction Research Congress
- Date of meeting: (2010 :
- Location of meeting: Banff, Alta.)
670 ## - SOURCE DATA FOUND
- Source citation: Work cat.: (NUST)0: Construction Research Congress (2010 : Banff, Alta.), Construction Research Congress 2010 :, 2010.
